| 000 | 00698nam a22002537a 4500 | ||
|---|---|---|---|
| 005 | 20170124110225.0 | ||
| 010 | _aA-057603 | ||
| 020 |
_c£3.95 _a0713707836 |
||
| 035 | _aA-057603 | ||
| 037 | _bCen Lib/Ret | ||
| 040 |
_aDPL _bEN |
||
| 082 |
_a549 _bKIR |
||
| 100 |
_aKirkaldy, J. F. _940655 |
||
| 245 |
_aMinerals and rocks in colour / _cby J. F. Kirkaldy |
||
| 250 | _a3rd ed | ||
| 260 |
_aPoole _bBlandford Press _c1976 |
||
| 270 |
_aLink House, West _bPoole |
||
| 300 |
_a184p. : _c19cm(Hb) _bcol. ill. |
||
| 490 | _aBlandford colour series | ||
| 500 | _aIncludes index | ||
| 650 |
_aRocks _940656 |
||
| 650 |
_aMineralogy _940657 |
||
| 942 |
_2ddc _cEN _h549 _mKIR |
||
| 999 |
_c134411 _d134411 |
||